000 00947nam a22002417a 4500
005 20080814104839.0
008 080814t xxu||||| |||| 00| 1 eng d
010 _aB-285015
020 _a0143031163
_c275.00
020 _a9780143031161
_c275.00
035 _aB-285015
037 _bUBH (Vender)
040 _aDPL
_bENG
082 _aN
100 _aTimeri N. Murari
245 _aTaj:
_cby Timeri N.Murari
_ba story of Mughal India /
260 _aNew Delhi
_bPenguin Books
_c2004
270 _a11 Community Centre, Panchsheel Park
_bNew Delhi
_e110017
300 _ax, 371p.
_c20cm. (pbk)
942 _2ddc
_cEN
_hN
_mTIM
999 _c26132
_d26132